000 00656nam a2200265Ia 4500
005 20260121161411.0
008 008 260114s9999 xx 000 0 eng d
020 _a9781315386065
037 _aEBOOK
040 _aCRL
040 _beng
040 _cCRL
041 _2eng
041 _aeng
084 _qCRL
100 _aA Short History of Mercantilism
_91044176
245 0 _aJ. W. Horrocks
260 _bTaylor and Francis
260 _c1925
650 _aEconomics, Finance and Accounting
_91044177
856 _uhttp://www.taylorfrancis.com/books/9781315386065
942 _cEBOOK
999 _c1610495
_d1610495